People Who Lived a Very Long Life #2 - Statistics

General Stats
  • This quiz has been taken 56 times
  • The average score is 11 of 20
Answer Stats
Hint Age Died Answer % Correct
US president who won both the Cold and the Gulf War 94 2018 George H. W. Bush
90%
He was the first to play James Bond on film 90 2020 Sean Connery
90%
Pope who retired in 2013 b. 1927 alive Benedict XVI
73%
Hungarian-born actress who was married nine times 99 2016 Zsa Zsa Gabor
73%
Comic book writer with frequent cameos in Marvel movies 95 2018 {Stan} Lee
71%
British actor who often played villains, such as Dracula and Saruman 93 2015 {Christopher} Lee
69%
US Secretary of State (1973-1977) b. 1923 alive Henry Kissinger
65%
Mother of a 2008 US presidential candidate 108 2020 Roberta McCain
65%
Sometime richest man in the world, nicknamed "Oracle of Omaha" 90 alive Waren Buffett
61%
British actor, director of "Gandhi", and brother of a documentary narrator 90 2014 Richard Attenborough
59%
Golden Age actress and star of "Murder, She Wrote" b. 1925 alive Angela Lansbury
53%
Chairman who introduced free-market reforms to China 92 1997 Deng Xiaoping
43%
She played Melanie in "Gone With the Wind" 104 2020 Olivia de Havilland
39%
Philosopher and pacifist who co-wrote "Principia Mathematica" 97 1970 Bertrand Russell
37%
Israeli statesman and 1994 Nobel Peace laureate 93 2016 Shimon Peres
37%
French president (1974-1981) who co-founded the Group of Seven 94 2020 Valéry Giscard d'Estaing
37%
Director of classic movies such as "Some Like it Hot" and "The Apartment" 95 2002 Billy Wilder
31%
Architect who co-designed Brasília and the UN headquarters 104 2012 Oscar Niemeyer
31%
Sister of the above who starred in "Rebecca" 96 2013 Joan Fontaine
29%
Star of mostly comedies, as well as "The Man Who Knew Too Much" 97 2019 Doris Day
16%
No matching quizzes found
Score Distribution
Percent of People with Each Score
Percentile by Number Answered
Your Score History
You have not taken this quiz